Philosophy of education concerns : (Record no. 19949)
[ view plain ]
| 000 -LEADER | |
|---|---|
| fixed length control field | 00643nam a22001697a 4500 |
| 008 - FIXED-LENGTH DATA ELEMENTS--GENERAL INFORMATION | |
| fixed length control field | 240402b ||||| |||| 00| 0 eng d |
| 020 ## - INTERNATIONAL STANDARD BOOK NUMBER | |
| International Standard Book Number | 9712313263 |
| 082 ## - DEWEY DECIMAL CLASSIFICATION NUMBER | |
| Classification number | DFil 370.1 |
| Item number | P54 1994 |
| 100 ## - MAIN ENTRY--PERSONAL NAME | |
| Personal name | Botor, Celeste O. |
| 9 (RLIN) | 16109 |
| 245 ## - TITLE STATEMENT | |
| Title | Philosophy of education concerns : |
| Remainder of title | puposes, content, and methods of education / |
| Statement of responsibility, etc. | Celeste O. Botor and Aniceta M. Ortinero. |
| 260 ## - PUBLICATION, DISTRIBUTION, ETC. (IMPRINT) | |
| Place of publication, distribution, etc. | Manila : |
| Name of publisher, distributor, etc. | Rex Book Store, |
| Date of publication, distribution, etc. | ©1994. |
| 300 ## - PHYSICAL DESCRIPTION | |
| Extent | xiv, 338 pages : |
| Other physical details | illustrations ; |
| Dimensions | 22 cm. |
| 500 ## - GENERAL NOTE | |
| General note | Includes references and bibliography. |
| 650 ## - SUBJECT ADDED ENTRY--TOPICAL TERM | |
| Topical term or geographic name as entry element | Education |
| General subdivision | Philosophy. |
| 9 (RLIN) | 55761 |
| 700 ## - ADDED ENTRY--PERSONAL NAME | |
| Personal name | Ortinero, Aniceta M. |
| Relator term | author. |
| 9 (RLIN) | 55760 |
| 942 ## - ADDED ENTRY ELEMENTS (KOHA) | |
| Source of classification or shelving scheme | Dewey Decimal Classification |
| Koha item type | Filipiniana |
| Withdrawn status | Lost status | Source of classification or shelving scheme | Damaged status | Not for loan | Collection code | Home library | Current library | Date acquired | Source of acquisition | Total Checkouts | Full call number | Barcode | Date last seen | Copy number | Price effective from | Koha item type | Shelving location | Date last checked out |
|---|---|---|---|---|---|---|---|---|---|---|---|---|---|---|---|---|---|---|
| Dewey Decimal Classification | Filipiniana | UM Digos College - LIC | UM Digos College - LIC | 04/02/2024 | DFil 370.1 P54 1994 | 13979 | 05/15/2025 | 4 | 04/02/2024 | Filipiniana | ||||||||
| Dewey Decimal Classification | Filipiniana | UM Digos College - LIC | UM Digos College - LIC | 04/02/2024 | DFil 370.1 P54 1994 | 13980 | 05/15/2025 | 5 | 04/02/2024 | Filipiniana | ||||||||
| Dewey Decimal Classification | Filipiniana | UM Digos College - LIC | UM Digos College - LIC | 04/02/2024 | DFil 370.1 P54 1994 | 13981 | 05/15/2025 | 6 | 04/02/2024 | Filipiniana | ||||||||
| Dewey Decimal Classification | Filipiniana | UM Digos College - LIC | UM Digos College - LIC | 04/02/2024 | DFil 370.1 P54 1994 | 13976 | 05/15/2025 | 1 | 04/02/2024 | Filipiniana | ||||||||
| Dewey Decimal Classification | Filipiniana | UM Digos College - LIC | UM Digos College - LIC | 04/02/2024 | 1 | DFil 370.1 P54 1994 | 13977 | 09/24/2025 | 2 | 04/02/2024 | Filipiniana | Book Cart | 08/29/2025 |
